名探偵コナンの鍵穴キャラ(1~104巻) - Statistics

General Stats
  • This quiz has been taken 680 times
  • The average score is 40 of 100
Answer Stats
巻数 Answer % Correct
2 毛利蘭
96%
3 毛利小五郎
93%
1 工藤新一
91%
100 ジン
87%
9 小嶋元太
85%
18 灰原哀
85%
12 円谷光彦
84%
5 阿笠博士
83%
37 赤井秀一
83%
76 安室透/降谷零/バーボン
83%
38 ウォッカ
81%
6 吉田歩美
80%
26 ベルモット/クリス・ヴィンヤード
76%
10 服部平次
75%
20 高木渉
75%
4 目暮十三
74%
8 鈴木園子
74%
16 怪盗キッド
74%
21 佐藤美和子
71%
23 白鳥任三郎
69%
19 遠山和葉
66%
22 工藤優作
64%
73 世良真純
64%
33 千葉和伸
61%
48 水無玲奈/キール/本堂瑛海
60%
97 脇田兼則/ラム
56%
14 工藤有希子
55%
42 ジョディ・スターリング
53%
11 妃英理
52%
80 羽田秀吉
51%
67 キャンティ
49%
43 榎本梓
46%
83 メアリー・世良
46%
25 京極真
45%
27 山村ミサオ
45%
36 松田陣平
45%
41 宮野明美
45%
47 宮本由美
45%
58 アンドレ・キャメル
44%
65 諸伏高明
44%
59 大和勘助
43%
61 鈴木次郎吉
43%
86 黒田兵衛
43%
89 諸伏景光/スコッチ
43%
60 沖矢昴
42%
75 三池苗子
42%
15 服部平蔵
41%
50 小林澄子
41%
98 大岡紅葉
41%
91 若狭留美
38%
34 横溝重悟
36%
44 中森銀三
35%
66 上原由衣
35%
77 伊達航
35%
7 横溝参悟
34%
64 松本清長
31%
102 萩原千速
31%
17 沖野ヨーコ
30%
99 風見裕也
30%
30 白馬探
29%
57 ジェイムズ・ブラック
29%
55 黒羽盗一
27%
101 萩原研二
27%
32 大滝悟郎
26%
95 綾小路文麿
25%
94 沖田総司
24%
24 新出智明
23%
49 本堂瑛佑
23%
28 服部静華
22%
13 鈴木綾子
21%
56 イーサン・本堂
20%
31 遠山銀司郎
19%
92 赤井務武
18%
29 目暮みどり
17%
35 シャロン・ヴィンヤード
17%
53 東尾マリア
17%
87 米原桜子
17%
39 弓長
16%
70 茶木神太郎
15%
40 木之下フサエ
14%
51 栗山緑
14%
74 ゴロ(猫)
14%
82 鈴木朋子
14%
84 比護隆佑
14%
96 宮野厚司
14%
46 羽賀響介
13%
71 ミネルバ・グラス
12%
63 小嶋元次
11%
72 アポロ・グラス
11%
93 鬼丸猛
11%
104 アマンダ・ヒューズ
11%
45 塚本数美
10%
52 山村ミサエ
9%
69 赤木英雄
9%
79 桧原ひかる
9%
54 越水七規
8%
68 三水吉右衛門
7%
81 福井柚嬉
7%
85 勝又力
7%
88 大橋彩代
7%
No matching quizzes found
Score Distribution
Percent of People with Each Score
Percentile by Number Answered
Your Score History
You have not taken this quiz